Michelangelo and his art / (Record no. 66021)

MARC details
000 -LEADER
campo de control de longitud fija 00484nam a2200181 i 4500
001 - NÚMERO DE CONTROL
campo de control 66021
003 - IDENTIFICADOR DE NÚMERO DE CONTROL
campo de control ES-MaACL
005 - FECHA Y HORA DE LA ÚLTIMA TRANSACCIÓN
campo de control 20240229184431.0
007 - CAMPO FIJO DE DESCRIPCIÓN FÍSICA--INFORMACIÓN GENERAL
campo de control de longitud fija t|
008 - DATOS DE LONGITUD FIJA--INFORMACIÓN GENERAL
campo de control de longitud fija 040126s1978 xxkaf |||| |beng d
100 1# - ENTRADA PRINCIPAL--NOMBRE DE PERSONA
Nombre de persona Furse, John.
9 (RLIN) 53052
245 10 - MENCIÓN DEL TÍTULO
Título Michelangelo and his art /
Mención de responsabilidad, etc. John Furse.
260 ## - PUBLICACIÓN, DISTRIBUCIÓN, ETC.
Lugar de publicación, distribución, etc. London :
Nombre del editor, distribuidor, etc. Hamlyn,
Fecha de publicación, distribución, etc. [1978]
300 ## - DESCRIPCIÓN FÍSICA
Extensión 128 p., 15 lám. ;
Dimensiones 35 cm.
600 04 - PUNTO DE ACCESO ADICIONAL DE MATERIA--NOMBRE DE PERSONA
Nombre de persona Michelangelo,
Fechas asociadas al nombre 1475-1564
9 (RLIN) 80912
852 ## - LOCALIZACIÓN
Ubicación ES-MaACL
Número de control de estantería A-8374
Holdings
Estatus retirado Estado de pérdida Estado de daño No para préstamo Biblioteca de origen Biblioteca actual Ubicación en estantería Fecha de adquisición Fuente de adquisición Total de préstamos Signatura topográfica completa Código de barras Visto por última vez Precio de reemplazo Tipo de ítem Koha
        Biblioteca del Ateneo de Madrid Biblioteca del Ateneo de Madrid Sala Pecera Planta 1 17/01/2008     A-8374 1069164 23/02/2023 23/02/2023 Libro impreso